000 00641cab a2200241 4500
001 ABS50917
008 090401t1994 xxu||||| |||| 00| 0 eng d
035 _a(Sirsi) u1531
041 _aeng
100 _aAllen, D.
245 _aProperty tax the Albanian way
260 _c1994
350 _a0
490 _aIRRV Journal
_vJune 1994, 134(1)
520 _aDiscusses the new Albanian property tax laws.
650 _aPROPERTY-RURAL AND NATURAL ASSETS-AGRICULTURAL PROPERTY-AGRICULTURAL LAND
650 _aALBANIA
650 _aPROPERTY TAX
650 _aTAXATION
690 _aOVERSEAS-EUROPE
942 _n0
948 _c04/03/1997
999 _c860
_d860